| 000 -LEADER |
| fixed length control field |
00969nam a2200241Ia 4500 |
| 001 - CONTROL NUMBER |
| control field |
15316 |
| 003 - CONTROL NUMBER IDENTIFIER |
| control field |
GE_BSU |
| 005 - DATE AND TIME OF LATEST TRANSACTION |
| control field |
20221114114824.0 |
| 008 - FIXED-LENGTH DATA ELEMENTS--GENERAL INFORMATION |
| fixed length control field |
181216s2012||||enk|||||||||||||| ||eng|| |
| 020 ## - INTERNATIONAL STANDARD BOOK NUMBER |
| International Standard Book Number |
9781780520704x |
| 040 ## - CATALOGING SOURCE |
| Transcribing agency |
GE_BSU |
| 080 ## - UNIVERSAL DECIMAL CLASSIFICATION NUMBER |
| Universal Decimal Classification number |
338.48+339.138 S-81 |
| 245 ## - TITLE STATEMENT |
| Title |
Strategic Marketing in Tourism Services / |
| Statement of responsibility, etc. |
Edited by: Rodoula H. Tsiotsou et Ronald E. Goldsmith. |
| 250 ## - EDITION STATEMENT |
| Edition statement |
First edition |
| 264 ## - PRODUCTION, PUBLICATION, DISTRIBUTION, MANUFACTURE, AND COPYRIGHT NOTICE |
| Place of production, publication, distribution, manufacture |
America, |
| Date of production, publication, distribution, manufacture, or copyright notice |
2012. |
| 300 ## - PHYSICAL DESCRIPTION |
| Extent |
337 p.; |
| Other physical details |
ill; |
| Dimensions |
26 cm. |
| 653 ## - INDEX TERM--UNCONTROLLED |
| keyword |
Strategic Marketing in Tourism Services |
| 653 ## - INDEX TERM--UNCONTROLLED |
| keyword |
სტრატეგიული მარკეტინგი ტურისტულ მომსახურებაში |
| 653 ## - INDEX TERM--UNCONTROLLED |
| keyword |
Стратегический маркетинг в сфере туристических услуг |
| 700 ## - ADDED ENTRY--PERSONAL NAME |
| Personal name |
Tsiotsou, Rodoula H. |
| Relator term |
რედაქტორი |
| 9 (RLIN) |
13096 |
| 700 ## - ADDED ENTRY--PERSONAL NAME |
| Personal name |
Goldsmith, Ronald E. |
| Relator term |
რედაქტორი |
| 9 (RLIN) |
13097 |
| 942 ## - ADDED ENTRY ELEMENTS (KOHA) |
| Koha item type |
წიგნი |
| Source of classification or shelving scheme |
|